Statistics for Happiest Cities in India

Click here to take the quiz!

General Stats

  • This quiz has been taken 63 times
    (45 since last reset)
  • The average score is 10 of 15

Answer Stats

IndexAnswer% Correct
149New Delhi
98%
55Mumbai
95%
131Chennai
84%
82Kolkata
84%
115Bengaluru
82%
75Hyderabad
80%
68Jaipur
80%
157Lucknow
75%
104Pune
73%
76Ahmedabad
66%
105Patna
52%
103Bhopal
43%
190Chandigarh
36%
72Kochi
30%
98Bhubaneshwar
5%

Score Distribution

Percentile by Number Answered

Percent of People with Each Score

Your Score History

You have not taken this quiz since the last reset